000 00437nab a2200145Ia 4500
003 ES-SlBCS
005 20211119011007.0
008 140529s1970 xxu||||| |||| 00| 0 ita d
041 _aita
100 1 _aBerti, Enrico
_922748
245 0 0 _aIl cristianesimo nella filosofia
_c Enrico Berti
650 0 4 _aCristianismo-Filosofía
_9193002
773 0 _tGiornali di Metafisica
_gvol. 25, nº. 4, 1970, págs. 431-435
_w0017-0372
942 _cAR
999 _c587054
_d587054